000 00636nam a2200181Ia 4500
008 090123s9999 xx 000 0 und d
082 _b39799
100 _aकरंदीकर चंद्रकांत
245 _aपाखरे फिरुनी येती
250 _a1
260 _bअनघा प्रकाशन
_c2006
300 _a114
600 _aकरंदीकर चंद्रकांत
630 _aपाखरे फिरुनी येती
700 _aकरंदीकर चंद्रकांत
730 _aपाखरे फिरुनी येती
942 _cBOOK
999 _c77871
_d77871